000 01204nam a2200229Ia 4500
003 Ost
005 20260507074853.0
008 260507s9999||||xx |||||||||||||| ||und||
040 _cfsecg
041 _aara
082 _a659.1
100 _aخوخة، أشرف فهمي
_eمؤلف
245 0 _aإستراتيجيات الدعاية والإعلان /
_c أشرف فهمي خوخة
260 _aالاسكندرية:
_bدار المعرفة الجامعية,
_c2007
300 _a343 صفحة؛
_bإيضاحات ؛
_c24 سم
504 _aبيبليوغرافيا: ص.335؛ ملاحق: ص.261
520 _aيضم الدعاية والاعلان، وكلات الاعلان والحملات الاعلانية، الاطار النظري لفهم دور المؤثرات الاعلامية الخارجية في مجال الدعاية،الدعاية والغزو الثقافي، مقاييس المصداقية في الاعلام والدعاية، نموذج تطبيقي للدعاية من خلال معالجة الصحافة المصرية للأحداث الايرانية.
653 _aالاعلان
653 _aالدعاية
653 _aالصحافة
942 _cكتاب
999 _c41591
_d41591